Bad Bunny Albums - Estadísticas

Estadísticas generales
  • Esta prueba ha sido intentada 317 veces
  • La puntuación promedio es 6 de 7
Estadísticas de respuestas
Year Respuesta % Correcto
2020 YHLQMDLG
95%
2022 UN VERANO SIN TI
95%
2020 EL ULTIMO TOUR DEL MUNDO
90%
2020 LAS QUE NO IBAN A SALIR
87%
2018 X 100PRE
87%
2023 NADIE SABE LO QUE VA A PASAR MANANA
86%
2019 OASIS
82%
No se encontraron pruebas coincidentes
Distribución de puntuación
Porcentaje de gente con cada puntuación
Porcentaje por número respondido
Historial de tus puntuaciones
No has intentado esta prueba.